000
00318 a2200109 4500
001
ART_33055
005
20260410161926.0
008
260409a
245
1
0
_a
El agua como commodity y sus posibles consecuencias
100
1
_a
Lanciotti, Vanesa
773
0
_t
Lecturas
_g
- NÂș 12 (jun. 2008)
_w
REV19328
999
_c
28188
_d
28188